Loading...

Case studies on digital government /

Bibliographic Details
Main Author: Rocheleau, Bruce
Language:Undetermined
Published: Hershey : Idea Group Publishing , 2007.
Subjects:
LEADER 00632nam a2200193Ia 4500
001 158099
008 170722s9999 xx 000 0 und d
020 |a 9781599041773 
100 |a Rocheleau, Bruce 
245 |a Case studies on digital government / 
260 |a Hershey :  |b Idea Group Publishing ,  |c 2007. 
300 |a xxii+361 
653 |a Case Studies 
653 |a Digital Government 
653 |a Political Science 
923 |d 20080829  |n MBC-1238/0 
942 |c GEN 
999 |c 137694  |d 137694 
952 |0 0  |1 0  |4 0  |6 W_28D65171_P72  |7 0  |9 194598  |a LIB  |b LIB  |d 2013-03-25  |e Modern Book Centre  |o W:28:(D65171) P72  |p 268790  |r 2017-08-12  |w 2017-08-12  |y GEN